000 00836cam a22002411i 4500
003 SA-RiAUC
005 20260306123025.0
008 260304s2009 ||| g 000 0 ara c
040 _aSA-JeALM
_bara
_cSA-RiAUC
_erda
082 0 4 _a252.5
090 _a252.5
_bا م ا
100 1 _aإمام، محيى الدين
_eمؤلف.
245 1 2 _aالحج :
_bمناسك ومشاعر /
_cمحيى الدين إمام
264 1 _a[مصر] :
_bدار المغربي،
_c2006
300 _a382 صفحة
_bإيضاحيات ؛
_c24 سم.
336 _aنص
_btxt
_2rdacontent
_3كتاب
337 _aبدون وسيط
_bn
_2rdamedia
490 _aمن أدب الرحلات
650 7 _aالحج (فقه إسلامي)
_xمناسك
_2aucsh
650 _aالحج رحلات
942 _2ddc
_cBOOK
_n0
949 _aSA-JeALM
_d260304
_uosman123
_n1
999 _c14480
_d14480